Uncle Tom's cabin

Đã lưu trong:
书目详细资料
主要作者: Harriet Beecher Stowe
格式: 图书
语言:Undetermined
出版: London Everyman's Library 1995
主题:
标签: 添加标签
没有标签, 成为第一个标记此记录!
Thư viện lưu trữ: Trung tâm Học liệu Trường Đại học Cần Thơ
LEADER 00513nam a2200181Ia 4500
001 CTU_36047
008 210402s9999 xx 000 0 und d
082 |a 813.4 
082 |b S892 
100 |a Harriet Beecher Stowe 
245 0 |a Uncle Tom's cabin 
245 0 |c Harriet Beecher Stowe 
260 |a London 
260 |b Everyman's Library 
260 |c 1995 
650 |a american fiction,american literature - 19th century 
904 |i Minh, 000406 
980 |a Trung tâm Học liệu Trường Đại học Cần Thơ